Paroles - Giedre - Pisser debout - Statistiques

Statistiques générales
  • Ce quiz a été pris 9 fois
  • Le résultat moyen est 251 sur 342
Statistiques - réponses
Paroles % Correct
ça
100%
dans
100%
Dans
100%
de
100%
debout
100%
dit
100%
je
100%
Je
100%
la
100%
100%
le
100%
ma
100%
Ma
100%
m'a
100%
me
100%
pisser
100%
poil
100%
pouvoir
100%
30
83%
A
83%
à
83%
acceptés
83%
ans
83%
beau
83%
beaucoup
83%
bosse
83%
capotes
83%
comme
83%
couilles
83%
d'embrouilles
83%
des
83%
deux
83%
dis
83%
en
83%
et
83%
étaient
83%
faisait
83%
gage
83%
garçon
83%
j'ai
83%
J'ai
83%
j'aimerais
83%
J'aimerais
83%
j'aurais
83%
j'avais
83%
les
83%
mère
83%
mes
83%
moins
83%
mon
83%
oh
83%
par
83%
pas
83%
plus
83%
poils
83%
que
83%
serai
83%
sexualité
83%
Si
83%
si
83%
s'ils
83%
sont
83%
sur
83%
torse
83%
un
83%
une
83%
vie
83%
vieux
83%
alors
67%
au
67%
bête
67%
bras
67%
c'est
67%
déjà
67%
distribuées
67%
du
67%
économique
67%
être
67%
fille
67%
fois
67%
homme
67%
hygiéniques
67%
jean
67%
j'étais
67%
mais
67%
mec
67%
même
67%
menton
67%
mur
67%
n'est
67%
non
67%
peau
67%
pilule
67%
pire
67%
pourrais
67%
remboursée
67%
rue
67%
sécu
67%
serais
67%
serviettes
67%
seulement
67%
sous
67%
suis
67%
vieille
67%
36
50%
45
50%
avec
50%
bimbo
50%
Boyle
50%
choucroute
50%
cinquante
50%
contre
50%
devenir
50%
deviendrais
50%
Dom
50%
encore
50%
entre
50%
euros
50%
Farmer
50%
frottis
50%
gratos
50%
jeune
50%
jours
50%
j'pouvais
50%
Juan
50%
Maillot
50%
Mylene
50%
paquet
50%
Porte
50%
putes
50%
répondu
50%
sa
50%
salade
50%
sans
50%
sauce
50%
saucisse
50%
Susan
50%
taille
50%
taper
50%
tellement
50%
trainée
50%
trois
50%
vaginal
50%
voitures
50%
vulgaire
50%
bateau
33%
besoin
33%
capitaine
33%
cette
33%
cire
33%
collants
33%
coule
33%
d'un
33%
faire
33%
filés
33%
gigolos
33%
glamour
33%
impunité
33%
j'irais
33%
l'amour
33%
l'obsession
33%
m'accroupir
33%
Maman
33%
mascara
33%
mois
33%
orientale
33%
ouhouhou
33%
Ouhouhou
33%
plutôt
33%
posé
33%
pourquoi
33%
quand
33%
question
33%
qui
33%
refaire
33%
remplacerais
33%
s'payer
33%
tous
33%
toute
33%
une clodo
33%
capable
17%
Ikea
17%
meuble
17%
monter
17%
Aucun quiz correspondant
Distribution des résultats
% des personnes avec chaque résultat
Percentile par nombre de réponses
Votre historique - résultats
Vous n’avez pas pris ce quiz